[Event "Autonomico-chT"]
[Site "Aragon"]
[Date "2003.??.??"]
[Round "?"]
[White "Toledano Llinares, Juan Antonio"]
[Black "Coret Frasquet, Jose"]
[Result "0-1"]
[WhiteElo "2357"]
[BlackElo "2269"]
[PlyCount "90"]
[EventDate "2003.??.??"]
[EventType "team"]
[EventRounds "9"]
[EventCountry "ESP"]
[SourceTitle "EXT 2007"]
[Source "ChessBase"]
[SourceDate "2006.11.23"]
[SourceVersion "1"]
[SourceVersionDate "2006.11.23"]
[SourceQuality "1"]

1. e4 Nf6 2. e5 Nd5 3. Nc3 Nxc3 4. dxc3 d6 5. Bc4 Nc6 6. Nf3 e6 7. Bf4 Be7 8. h4 dxe5 9. Nxe5 Nxe5 10. Bxe5 0-0 11. Qg4 Bf6 12. Rd1 Qe7 13. f4 b5 14. Bxb5 Rb8 15. Ba4 Rxb2 16. 0-0 Rxa2 17. Rd4 c5 18. Bb3 cxd4 19. Bxa2 dxc3 20. Kh2 Bxe5 21. fxe5 Rd8 22. Rf3 Bb7 23. Rg3 g6 24. Bc4 Qc5 25. Qg5 Rd1 26. Bd3 Qg1+ 27. Kh3 Qf2 28. Qe3 Bxg2+ 29. Kg4 Qxe3 30. Rxe3 Rd2 31. Re1 Bd5 32. Kf4 Bb3 33. Rc1 Ba4 34. Ke3 Rh2 35. Kd4 Rxh4+ 36. Kxc3 h5 37. Ra1 Rf4 38. Kd2 h4 39. Ke3 Rg4 40. Be4 Bb5 41. Rxa7 h3 42. Ba8 h2 43. c3 Bc4 44. Ra1 Rg1 45. Ra5 Bd5 0-1

[Event "Autonomico-chT"]
[Site "Aragon"]
[Date "2003.??.??"]
[Round "?"]
[White "Toledano Llinares, Juan Antonio"]
[Black "Vassallo Barroche, Mauricio"]
[Result "1-0"]
[WhiteElo "2357"]
[BlackElo "2443"]
[PlyCount "121"]
[EventDate "2003.??.??"]
[EventType "team"]
[EventRounds "9"]
[EventCountry "ESP"]
[SourceTitle "EXT 2007"]
[Source "ChessBase"]
[SourceDate "2006.11.23"]
[SourceVersion "1"]
[SourceVersionDate "2006.11.23"]
[SourceQuality "1"]

1. e4 g6 2. d4 Bg7 3. Nc3 d6 4. Be3 a6 5. Qd2 Nd7 6. f3 b5 7. h4 h5 8. Nh3 Bb7 9. Ng5 Ngf6 10. g3 e6 11. Bg2 Nb6 12. b3 Qe7 13. 0-0 Nfd7 14. Rae1 d5 15. exd5 Nxd5 16. Nxd5 Bxd5 17. Ne4 Qa3 18. c3 Rc8 19. Rf2 Qa5 20. Rc1 Qb6 21. c4 bxc4 22. bxc4 Bxe4 23. c5 Qb5 24. fxe4 0-0 25. e5 Rcd8 26. Qc3 Rb8 27. Rcf1 Qb4 28. Bd2 Qa4 29. Bg5 Rb4 30. Bc6 Qxc6 31. Qxb4 Qe4 32. Qc3 Nb8 33. Qe3 Qd5 34. Rf4 Nc6 35. Qe4 Qxe4 36. Rxe4 Rb8 37. Kg2 Rb4 38. Rd1 a5 39. Kf3 Ra4 40. Rd2 Nb4 41. Re1 Ra3+ 42. Re3 Ra4 43. Rb3 Kh7 44. a3 Nc6 45. Be3 Bh6 46. Bxh6 Kxh6 47. Ke3 Kg7 48. Rdd3 Ne7 49. Ke4 Rc4 50. Rdc3 Ra4 51. Rb7 Nd5 52. Rf3 Rc4 53. Ra7 Ra4 54. Ra8 Ne7 55. Rd3 Nd5 56. Rd8 f5+ 57. exf6+ Nxf6+ 58. Ke5 Kf7 59. Rf3 Ke7 60. Rxf6 Kxd8 61. Kxe6 1-0

[Event "Cullera op 23rd"]
[Site "Valencia"]
[Date "2002.07.23"]
[Round "5"]
[White "Oratovsky, Michael"]
[Black "Toledano Llinares, Juan Antonio"]
[Result "1-0"]
[WhiteElo "2556"]
[BlackElo "2345"]
[PlyCount "47"]
[EventDate "2002.07.18"]
[EventType "swiss"]
[EventRounds "9"]
[EventCountry "ESP"]
[SourceTitle "CBM 089 Extra"]
[Source "ChessBase"]
[SourceDate "2002.09.10"]
[SourceVersion "2"]
[SourceVersionDate "2002.09.10"]
[SourceQuality "1"]

1. e4 c5 2. Nf3 Nc6 3. Bb5 Nf6 4. Nc3 Nd4 5. e5 Nxb5 6. Nxb5 Nd5 7. Ng5 e6 8. Ne4 Be7 9. c4 Nb4 10. Nbd6+ Kf8 11. d4 cxd4 12. Qh5 Nd3+ 13. Kf1 Bxd6 14. Nxd6 g6 15. Qh6+ Kg8 16. Bg5 Qf8 17. Qxf8+ Kxf8 18. Rd1 Nxb2 19. Rxd4 b6 20. Bf6 Rg8 21. Nxc8 Rxc8 22. Rxd7 Nxc4 23. Ke2 Na5 24. Rc1 1-0

[Event "Cullera op 23rd"]
[Site "Valencia"]
[Date "2002.07.18"]
[Round "1"]
[White "Toledano Llinares, Juan Antonio"]
[Black "Casero Alcaniz, Pablo"]
[Result "1-0"]
[WhiteElo "2345"]
[BlackElo "1875"]
[PlyCount "61"]
[EventDate "2002.07.18"]
[EventType "swiss"]
[EventRounds "9"]
[EventCountry "ESP"]
[SourceTitle "CBM 089 Extra"]
[Source "ChessBase"]
[SourceDate "2002.09.10"]
[SourceVersion "2"]
[SourceVersionDate "2002.09.10"]
[SourceQuality "1"]

1. e4 c5 2. Nf3 d6 3. c3 Nf6 4. Be2 Nc6 5. d4 cxd4 6. cxd4 Nxe4 7. d5 Qa5+ 8. Nc3 Nxc3 9. bxc3 Nb8 10. 0-0 g6 11. Qd4 Rg8 12. Re1 Nd7 13. Bd2 Qc5 14. Qf4 h6 15. h4 a6 16. c4 Bg7 17. Be3 Qc7 18. Rab1 Nc5 19. Bf1 b6 20. Bd4 Bf5 21. Rb2 Bxd4 22. Nxd4 Bd3 23. Nc6 e5 24. Nxe5 dxe5 25. Rxe5+ Kd8 26. d6 Qd7 27. Qf6+ Kc8 28. Re7 Re8 29. Rxd7 Nxd7 30. Qf3 Be4 31. Qxf7 1-0